[Event "Paul Keres mem (47th)"]
[Site "Richmond CAN"]
[Date "2023.05.22"]
[Round "5.3"]
[White "Su, Ethan"]
[Black "Villavieja, Butch"]
[Result "1/2-1/2"]
[WhiteElo "2104"]
[BlackElo "2209"]
[PlyCount "93"]
[EventDate "2023.05.20"]
[EventType "swiss"]
[EventRounds "6"]
[EventCountry "CAN"]

1. c4 g6 2. Nc3 Bg7 3. g3 Nf6 4. Bg2 O-O 5. d4 d6 6. h3 Nc6 7. Nf3 a6 8. O-O
Rb8 9. Be3 Bd7 10. Nd2 e5 11. dxe5 Nxe5 12. Rc1 Re8 13. Nd5 h6 14. Nxf6+ Qxf6
15. Ba7 Ra8 16. Bd4 Qe7 17. Nf3 Bc6 18. Nxe5 Bxg2 19. Kxg2 Bxe5 20. e3 Qf6 21.
Bxe5 Rxe5 22. Qf3 Qd8 23. Qxb7 Rb8 24. Qxa6 Rxb2 25. Rb1 Re2 26. Kg1 Kg7 27.
Rfe1 Rxe1+ 28. Rxe1 Qd7 29. Kg2 Qf5 30. Qb7 Rc5 31. Qb2+ Kh7 32. Qe2 Qe4+ 33.
f3 Qxc4 34. Qxc4 Rxc4 35. Re2 Kg7 36. f4 f5 37. Kf3 Rc3 38. a4 Ra3 39. Rc2 c5
40. Rd2 Rxa4 41. Rxd6 Ra2 42. Rc6 Rc2 43. g4 c4 44. Rc7+ Kf6 45. Rc6+ Kg7 46.
Rc7+ Kf6 47. Rc6+ 1/2-1/2

[Event "Paul Keres mem (47th)"]
[Site "Richmond CAN"]
[Date "2023.05.22"]
[Round "5.4"]
[White "Nunez Asencio, Jorge"]
[Black "He, Matthew"]
[Result "1-0"]
[WhiteElo "2333"]
[BlackElo "2061"]
[PlyCount "109"]
[EventDate "2023.05.20"]
[EventType "swiss"]
[EventRounds "6"]
[EventCountry "CAN"]

1. d4 d5 2. Nf3 Nf6 3. c4 e6 4. Nc3 Bb4 5. cxd5 exd5 6. Bf4 c5 7. a3 Bxc3+ 8.
bxc3 Qa5 9. dxc5 Qxc5 10. Qd4 Qe7 11. Bxb8 Rxb8 12. Qxa7 Qc7 13. Qd4 O-O 14. e3
Be6 15. Be2 Rfc8 16. O-O Qxc3 17. Rfb1 Bf5 18. Rb6 Ne4 19. Qxc3 Nxc3 20. Nd4
Bg6 21. Bg4 Rc4 22. h4 h6 23. Bd7 Rc7 24. Bb5 Rbc8 25. a4 Nxb5 26. axb5 Rd7 27.
Ra7 Rcc7 28. Ra8+ Kh7 29. Rb8 Bd3 30. Kh2 g6 31. g4 Kg7 32. Kg3 Be4 33. Kf4 Bd3
34. Nf3 Be4 35. Ne5 Re7 36. g5 Bf5 37. Rd6 Be6 38. Nf3 Rcd7 39. Rxd7 Rxd7 40.
Nd4 Rc7 41. b6 Rd7 42. Nxe6+ fxe6 43. Ke5 hxg5 44. hxg5 Kf7 45. f4 d4 46. exd4
Ke7 47. Rh8 Rd5+ 48. Ke4 Kd7 49. Rg8 Rd6 50. Rg7+ Kc6 51. Rxg6 Kxb6 52. f5
exf5+ 53. Kxf5 Kc6 54. Rxd6+ Kxd6 55. Kf6 1-0

[Event "Paul Keres mem (47th)"]
[Site "Richmond CAN"]
[Date "2023.05.22"]
[Round "5.5"]
[White "Mackinnon, Keith"]
[Black "Huang, Patrick"]
[Result "1-0"]
[WhiteElo "2319"]
[BlackElo "2212"]
[PlyCount "65"]
[EventDate "2023.05.20"]
[EventType "swiss"]
[EventRounds "6"]
[EventCountry "CAN"]

1. e4 e6 2. d4 d5 3. e5 c5 4. c3 Qb6 5. Nf3 Bd7 6. Be2 Bb5 7. dxc5 Bxc5 8. O-O
Bxe2 9. Qxe2 a5 10. Na3 Ne7 11. Nb5 O-O 12. Bd2 Nbc6 13. a4 Ng6 14. h4 Rae8 15.
h5 Nge7 16. h6 g6 17. g4 d4 18. Qe4 Rd8 19. Rab1 dxc3 20. bxc3 Rd7 21. Bg5 Nd5
22. c4 Ndb4 23. Rbd1 Bxf2+ 24. Kg2 Rxd1 25. Rxd1 Bc5 26. Qf4 f5 27. Rd7 Rf7 28.
Rxf7 Kxf7 29. gxf5 exf5 30. Qd2 Ke6 31. Bf6 f4 32. Ng5+ Kf5 33. Qd7# 1-0

[Event "Paul Keres mem (47th)"]
[Site "Richmond CAN"]
[Date "2023.05.22"]
[Round "5.6"]
[White "Moura, Eduardo"]
[Black "Leong, Aiden"]
[Result "1-0"]
[WhiteElo "2201"]
[BlackElo "2083"]
[PlyCount "51"]
[EventDate "2023.05.20"]
[EventType "swiss"]
[EventRounds "6"]
[EventCountry "CAN"]

1. e4 c6 2. c4 d5 3. cxd5 cxd5 4. exd5 Nf6 5. Nc3 g6 6. Bc4 Bg7 7. Nf3 Nbd7 8.
d3 O-O 9. O-O Nb6 10. Qb3 Bg4 11. Ne5 Qc7 12. Re1 Nbd7 13. Nxd7 Bxd7 14. Bg5
Ng4 15. g3 Bf6 16. Bxf6 exf6 17. d4 Nh6 18. Ne4 Kg7 19. Bf1 Rac8 20. Qf3 Qb6
21. Nc5 Qd6 22. Nxb7 Qb4 23. Nc5 Bg4 24. Qc3 Qb8 25. h3 Bd7 26. Nxd7 1-0

[Event "Paul Keres mem (47th)"]
[Site "Richmond CAN"]
[Date "2023.05.22"]
[Round "5.7"]
[White "Fuentebella, Mayo"]
[Black "Qu, Leo"]
[Result "1-0"]
[WhiteElo "2271"]
[BlackElo "2011"]
[PlyCount "139"]
[EventDate "2023.05.20"]
[EventType "swiss"]
[EventRounds "6"]
[EventCountry "CAN"]

1. c4 g6 2. Nc3 Bg7 3. d4 c5 4. d5 Bxc3+ 5. bxc3 f5 6. Nf3 d6 7. Bf4 Nf6 8. e3
Qa5 9. Qb3 Ne4 10. Rc1 Nd7 11. Be2 Nb6 12. Bd3 Nf6 13. h3 Bd7 14. Nd2 O-O-O 15.
Bh6 Rhg8 16. Bg5 Kb8 17. O-O h6 18. Bxh6 Rh8 19. Bg5 Rh5 20. f4 Rf8 21. Rfe1
Nc8 22. e4 e5 23. exf5 exf4 24. Bxf6 Rxf6 25. fxg6 Bf5 26. Qc2 Qd8 27. Bxf5
Rhxf5 28. Nf3 Qg8 29. Qf2 Rh5 30. Nh4 Qg7 31. Re8 Qh6 32. Rf1 f3 33. Qg3 Rg5
34. Qe1 Rfxg6 35. Rxf3 Rg8 36. Rxg8 Rxg8 37. Nf5 Qh8 38. g4 a6 39. Kg2 Qf6 40.
Kg3 Ka7 41. h4 Qg6 42. Qe4 Re8 43. Qf4 Re5 44. h5 Qe8 45. Re3 Nb6 46. Kf3 Qa4
47. Rxe5 dxe5 48. Qxe5 Qxc4 49. Ne3 Qxa2 50. h6 Qb1 51. g5 Qh1+ 52. Kg4 a5 53.
d6 Nd7 54. Qe7 Qg1+ 55. Kh5 Qh2+ 56. Kg6 Ne5+ 57. Kf5 Nc6 58. Qe6 a4 59. Kg6 a3
60. h7 Nd8 61. Qd5 b6 62. Ng4 Qc2+ 63. Kg7 a2 64. h8=Q a1=Q 65. Qxd8 Qaxc3+ 66.
Nf6 Ka6 67. Q8a8+ Kb5 68. d7 Kb4 69. d8=Q b5 70. Qda5# 1-0

[Event "Paul Keres mem (47th)"]
[Site "Richmond CAN"]
[Date "2023.05.22"]
[Round "5.8"]
[White "Harms, Reece"]
[Black "Mohammed Qanee, Arpak Worya"]
[Result "0-1"]
[WhiteElo "1793"]
[BlackElo "2049"]
[PlyCount "98"]
[EventDate "2023.05.20"]
[EventType "swiss"]
[EventRounds "6"]
[EventCountry "CAN"]

1. e4 c5 2. Nc3 Nc6 3. Bb5 Nd4 4. Bc4 g6 5. d3 Bg7 6. Nge2 e6 7. O-O Ne7 8. Re1
O-O 9. a4 d5 10. exd5 exd5 11. Ba2 Be6 12. Nxd4 cxd4 13. Ne2 Nc6 14. Nf4 Qd6
15. Qe2 Nb4 16. Bb3 Rfe8 17. Bd2 Kf8 18. Qf3 Kg8 19. Re2 Rac8 20. Bxb4 Qxb4 21.
Rae1 Qxe1+ 22. Rxe1 Bg4 23. Qe2 Bxe2 24. Rxe2 g5 25. Rxe8+ Rxe8 26. f3 gxf4 27.
Kf2 Rc8 28. Ke2 Rc5 29. g4 fxg3 30. hxg3 Be5 31. f4 Bd6 32. Kf3 h5 33. g4 h4
34. g5 h3 35. Kg3 Bxf4+ 36. Kxh3 Bxg5 37. Kg4 Bc1 38. Kf5 Bxb2 39. Ke5 b6 40.
Kf6 Kf8 41. Kf5 Ke7 42. Ke5 f6+ 43. Kf5 Bc1 44. Ba2 Bg5 45. Bb3 Kd6 46. Kg4 Ke5
47. Kf3 f5 48. Ba2 Rxc2 49. Bb3 Rd2 0-1

[Event "Paul Keres mem (47th)"]
[Site "Richmond CAN"]
[Date "2023.05.22"]
[Round "5.9"]
[White "Aljo, Johan"]
[Black "Wang, Ted"]
[Result "0-1"]
[WhiteElo "2029"]
[BlackElo "1908"]
[PlyCount "76"]
[EventDate "2023.05.20"]
[EventType "swiss"]
[EventRounds "6"]
[EventCountry "CAN"]

1. d4 Nf6 2. c4 g6 3. g3 Bg7 4. Bg2 O-O 5. Nc3 d6 6. Nf3 Nbd7 7. O-O c6 8. e4
e5 9. h3 Re8 10. Re1 a5 11. d5 Nc5 12. Rb1 cxd5 13. cxd5 b5 14. Qc2 b4 15. Na4
Nfxe4 16. Be3 Nxa4 17. Qxa4 Bd7 18. Qd1 Nf6 19. Nd2 Rc8 20. b3 Bb5 21. g4 h6
22. Nf1 e4 23. g5 hxg5 24. Bxg5 Bd3 25. Rc1 Qd7 26. Rxc8 Qxc8 27. Ne3 Nd7 28.
Qg4 Qc3 29. Rd1 Ne5 30. Qf4 f6 31. Bh6 g5 32. Qf5 Bxh6 33. Ng4 Bg7 34. Rxd3
exd3 35. Be4 Qe1+ 36. Kg2 Nxg4 37. Qh7+ Kf8 38. hxg4 Qxe4+ 0-1

[Event "Paul Keres mem (47th)"]
[Site "Richmond CAN"]
[Date "2023.05.22"]
[Round "5.10"]
[White "Zhu, Brandon"]
[Black "Yang, Brian"]
[Result "1-0"]
[WhiteElo "2027"]
[BlackElo "1998"]
[PlyCount "127"]
[EventDate "2023.05.20"]
[EventType "swiss"]
[EventRounds "6"]
[EventCountry "CAN"]

1. e4 c5 2. Nf3 e6 3. d3 Nc6 4. g3 Nf6 5. Bg2 d6 6. O-O Be7 7. Re1 O-O 8. c3
Bd7 9. d4 cxd4 10. cxd4 d5 11. e5 Ne4 12. Nbd2 Nxd2 13. Bxd2 Rc8 14. Bf1 Qb6
15. Bc3 f6 16. Bd3 f5 17. a3 Be8 18. Qd2 h6 19. h4 Bh5 20. Be2 Qd8 21. Nh2 Bxe2
22. Rxe2 b5 23. b4 a6 24. Nf3 Qe8 25. Qd3 Qh5 26. Bd2 Qg4 27. Kh2 Nb8 28. Ng1
Rc4 29. f4 Rfc8 30. Be1 Nd7 31. Nf3 Nb6 32. Rf2 Na4 33. Qf1 Bd8 34. Rd1 Kf7 35.
Rd3 Bb6 36. Rfd2 Nc3 37. Rb2 Ne4 38. Qe2 Rc1 39. Bf2 R8c3 40. Rxc3 Rxc3 41. Kg2
Rxa3 42. Ra2 Nc3 43. Ng5+ hxg5 44. Qxg4 Rxa2 45. Qh5+ Kf8 46. hxg5 Bxd4 47. g6
Rxf2+ 48. Kh3 Ke7 49. Qh7 Ne4 50. Qxg7+ Kd8 51. Qg8+ Kc7 52. Qf7+ Kc6 53. Qxe6+
Kc7 54. Qxf5 Rf3 55. Qf7+ Kc6 56. Qe6+ Kc7 57. Qxd5 Rxg3+ 58. Kh4 Bf2 59. Kh5
Rh3+ 60. Kg4 Rg3+ 61. Kf5 Nc3 62. Qf7+ Kc6 63. g7 Nd5 64. Qe6+ 1-0

[Event "Paul Keres mem (47th)"]
[Site "Richmond CAN"]
[Date "2023.05.22"]
[Round "6.1"]
[White "Mackinnon, Keith"]
[Black "Orlov, Georgi"]
[Result "1/2-1/2"]
[WhiteElo "2319"]
[BlackElo "2494"]
[PlyCount "32"]
[EventDate "2023.05.20"]
[EventType "swiss"]
[EventRounds "6"]
[EventCountry "CAN"]

1. e4 e6 2. d4 d5 3. Nd2 Be7 4. Ngf3 Nf6 5. e5 Nfd7 6. Bd3 c5 7. c3 Nc6 8. O-O
g5 9. dxc5 g4 10. Nd4 Ncxe5 11. Be2 Bxc5 12. Bxg4 Qh4 13. Be2 Bxd4 14. g3 Rg8
15. Kh1 Qh3 16. cxd4 Ng4 1/2-1/2

[Event "Paul Keres mem (47th)"]
[Site "Richmond CAN"]
[Date "2023.05.22"]
[Round "6.2"]
[White "Doknjas, Neil"]
[Black "Su, Ethan"]
[Result "1-0"]
[WhiteElo "2243"]
[BlackElo "2104"]
[PlyCount "107"]
[EventDate "2023.05.20"]
[EventType "swiss"]
[EventRounds "6"]
[EventCountry "CAN"]

1. e4 c5 2. Nc3 Nc6 3. Nge2 e6 4. d4 cxd4 5. Nxd4 Nf6 6. Bf4 d6 7. Nxc6 bxc6 8.
e5 Nd5 9. Nxd5 cxd5 10. Bd3 Be7 11. Qg4 dxe5 12. Bxe5 Bf6 13. Bb5+ Bd7 14.
Bxd7+ Qxd7 15. Bxf6 gxf6 16. O-O-O Ke7 17. Rhe1 Rac8 18. Qb4+ Qd6 19. Qb7+ Rc7
20. Qxd5 Qxh2 21. Qd4 Rhc8 22. c3 Qh6+ 23. Re3 Qg5 24. Qd6+ Ke8 25. Kb1 Qc5 26.
Qd3 h5 27. Qh7 Ke7 28. Re4 Qg5 29. Rde1 Rc6 30. Ra4 Qxg2 31. Rxa7+ R8c7 32.
Rxc7+ Rxc7 33. Qf5 h4 34. Qf4 Qg6+ 35. Ka1 Rb7 36. Rd1 e5 37. Qa4 Qh5 38. Qa3+
Ke6 39. Qa6+ Kf5 40. Qd3+ Ke6 41. f3 Ra7 42. f4 exf4 43. Qd6+ Kf5 44. Rd5+ Kg4
45. Rxh5 Kxh5 46. Qc5+ Kg4 47. Qxa7 Kf3 48. Qg1 Ke2 49. Qg2+ Ke3 50. a4 f3 51.
Qf1 h3 52. a5 h2 53. a6 f2 54. a7 1-0

[Event "Paul Keres mem (47th)"]
[Site "Richmond CAN"]
[Date "2023.05.22"]
[Round "6.3"]
[White "Villavieja, Butch"]
[Black "Nunez Asencio, Jorge"]
[Result "1-0"]
[WhiteElo "2209"]
[BlackElo "2333"]
[PlyCount "153"]
[EventDate "2023.05.20"]
[EventType "swiss"]
[EventRounds "6"]
[EventCountry "CAN"]

1. e4 c5 2. Nf3 a6 3. c3 e6 4. d4 d5 5. e5 Bd7 6. dxc5 Bxc5 7. Bd3 Ne7 8. O-O
Ng6 9. Qe2 Nc6 10. Re1 Qc7 11. g3 Ba7 12. h4 Bb6 13. Bxg6 fxg6 14. Bf4 O-O 15.
Nbd2 Ba7 16. Nb3 Rxf4 17. gxf4 Rf8 18. Qd2 Bc8 19. Kg2 Qf7 20. Kg3 Ne7 21. Nbd4
h6 22. Rh1 Bd7 23. Rh3 Nf5+ 24. Nxf5 Qxf5 25. Nd4 Bxd4 26. Qxd4 Bb5 27. f3 Bd3
28. Re1 Bb1 29. a3 Bc2 30. Qe3 Bb3 31. Reh1 Bc4 32. Rg1 Bd3 33. Rh2 Bb5 34. b3
Bc6 35. Rd1 Qf7 36. Rd4 Qe7 37. Qd3 Rf5 38. a4 g5 39. hxg5 hxg5 40. fxg5 Qxg5+
41. Kf2 Qc1 42. Rg2 Rxe5 43. Qd2 Qxd2+ 44. Rxd2 Rf5 45. Rg3 e5 46. Ke3 Rf7 47.
b4 Re7 48. b5 axb5 49. axb5 Bxb5 50. Rxd5 Bc6 51. Rd6 Kf7 52. Rdg6 Kf8 53. c4
e4 54. f4 Rd7 55. f5 Rf7 56. Kf4 Re7 57. Re6 Rd7 58. Ke5 Kf7 59. f6 gxf6+ 60.
Rxf6+ Ke7 61. Rg8 Rd3 62. Rgf8 Rf3 63. R8f7+ Ke8 64. Rf8+ Ke7 65. R8f7+ Ke8 66.
Ke6 Rxf6+ 67. Kxf6 Kd8 68. Re7 Kc8 69. Ke6 Kb8 70. Kd6 Ka7 71. Kc7 Ka6 72. Re5
e3 73. Rxe3 Ka5 74. Rb3 b5 75. Kxc6 bxc4 76. Rb1 c3 77. Kc5 1-0

[Event "Paul Keres mem (47th)"]
[Site "Richmond CAN"]
[Date "2023.05.22"]
[Round "6.4"]
[White "Sali, Zulfikar"]
[Black "Pechisker, Alfred"]
[Result "0-1"]
[WhiteElo "2290"]
[BlackElo "2211"]
[PlyCount "88"]
[EventDate "2023.05.20"]
[EventType "swiss"]
[EventRounds "6"]
[EventCountry "CAN"]

1. e4 c5 2. Nf3 d6 3. d4 cxd4 4. Nxd4 Nf6 5. Nc3 e6 6. Be2 Be7 7. g4 Nc6 8. Be3
a6 9. g5 Nd7 10. h4 Qc7 11. f4 b5 12. a3 Bb7 13. Bf3 Nxd4 14. Qxd4 e5 15. Qd2
Nb6 16. Bxb6 Qxb6 17. O-O-O exf4 18. Qxf4 O-O 19. Nd5 Bxd5 20. exd5 Rac8 21.
Kb1 Rc4 22. Be4 f5 23. gxf6 Rxf6 24. Qg4 Qf2 25. Rhg1 Bf8 26. b3 Rc7 27. Bd3
Qf4 28. Qg2 Rcf7 29. Rgf1 Qe5 30. Rfe1 Qh5 31. Qe4 g6 32. Be2 Qh6 33. h5 Qf4
34. Qg2 Bg7 35. Bg4 Rf8 36. Qh3 gxh5 37. Bxh5 Kh8 38. Qd7 Rh6 39. Qh3 Qf6 40.
c3 Rxh5 41. Qxh5 Qxc3 42. Re2 Qa1+ 43. Kc2 Rc8+ 44. Kd3 Qd4# 0-1

[Event "Paul Keres mem (47th)"]
[Site "Richmond CAN"]
[Date "2023.05.22"]
[Round "6.5"]
[White "Mohammed Qanee, Arpak Worya"]
[Black "Fuentebella, Mayo"]
[Result "1-0"]
[WhiteElo "2049"]
[BlackElo "2271"]
[PlyCount "111"]
[EventDate "2023.05.20"]
[EventType "swiss"]
[EventRounds "6"]
[EventCountry "CAN"]

1. Nf3 c5 2. c4 Nc6 3. g3 Nf6 4. Bg2 d5 5. cxd5 Nxd5 6. Nc3 Nxc3 7. bxc3 e5 8.
O-O Be7 9. d3 O-O 10. Nd2 Qc7 11. Nc4 Be6 12. Qa4 Bxc4 13. Qxc4 Rad8 14. Rb1 b6
15. a4 Na5 16. Qa6 c4 17. Be3 Rd7 18. d4 exd4 19. Bxd4 Bc5 20. e3 Rfd8 21. Qb5
Bxd4 22. exd4 Re7 23. Rfe1 Kf8 24. Qb4 Qd6 25. Rxe7 Qxe7 26. Bf1 Rc8 27. Qxe7+
Kxe7 28. Rb4 Kd6 29. f4 f6 30. Kf2 h6 31. h4 Re8 32. Bg2 Re7 33. h5 f5 34. Bh3
Ke6 35. Rb5 Rf7 36. Re5+ Kd6 37. Rxf5 Rxf5 38. Bxf5 a6 39. Ke3 Nc6 40. Bc8 Nb8
41. g4 b5 42. axb5 axb5 43. g5 Nc6 44. Ba6 b4 45. cxb4 Nxb4 46. Bxc4 Nc6 47.
Ke4 Ne7 48. Bb5 Nd5 49. Bc4 Ne7 50. Bf7 Nc6 51. Bb3 Ne7 52. gxh6 gxh6 53. f5
Nc6 54. f6 Nd8 55. Bd5 Kd7 56. Ke5 1-0

[Event "Paul Keres mem (47th)"]
[Site "Richmond CAN"]
[Date "2023.05.22"]
[Round "6.6"]
[White "Wang, Ted"]
[Black "He, Matthew"]
[Result "1/2-1/2"]
[WhiteElo "1908"]
[BlackElo "2061"]
[PlyCount "118"]
[EventDate "2023.05.20"]
[EventType "swiss"]
[EventRounds "6"]
[EventCountry "CAN"]

1. e4 c6 2. d4 d5 3. Nc3 dxe4 4. Nxe4 Bf5 5. Ng3 Bg6 6. f4 e6 7. Nf3 Bd6 8. h4
Ne7 9. h5 Bf5 10. h6 g6 11. Ne5 Nd7 12. Bc4 Qc7 13. Qe2 O-O 14. Nxd7 Qxd7 15.
Nf1 b5 16. Bd3 Bb4+ 17. c3 Qxd4 18. Bxf5 Bxc3+ 19. bxc3 Qxc3+ 20. Qd2 Qxa1 21.
Be4 Rfd8 22. Qb2 Qxb2 23. Bxb2 f5 24. Bc2 Nd5 25. Be5 Nb4 26. Bb3 Nd3+ 27. Ke2
Nxe5 28. fxe5 Kf7 29. Nd2 c5 30. Nf3 c4 31. Bc2 Rd5 32. Ke3 a5 33. Kf4 Ra6 34.
g4 Ke7 35. gxf5 exf5 36. Ng5 Ra8 37. Nxh7 Rh8 38. Nf6 Rd2 39. Rc1 Ke6 40. h7
Rg2 41. Kf3 Rd2 42. Kf4 b4 43. Ba4 c3 44. Bb3+ Ke7 45. Kg5 a4 46. Bxa4 Rxa2 47.
Bc2 Rb2 48. Kxg6 b3 49. Bxb3 Rxb3 50. Rxc3 Rxc3 51. Nd5+ Ke6 52. Nxc3 Kxe5 53.
Kg7 Rc8 54. h8=Q Rxh8 55. Kxh8 Kd4 56. Ne2+ Ke3 57. Ng3 f4 58. Nf5+ Ke4 59. Nh4
f3 1/2-1/2

[Event "Paul Keres mem (47th)"]
[Site "Richmond CAN"]
[Date "2023.05.22"]
[Round "6.7"]
[White "Qiu, Peter Yong"]
[Black "Moura, Eduardo"]
[Result "1/2-1/2"]
[WhiteElo "1819"]
[BlackElo "2201"]
[PlyCount "26"]
[EventDate "2023.05.20"]
[EventType "swiss"]
[EventRounds "6"]
[EventCountry "CAN"]

1. e4 c5 2. Nc3 Nc6 3. f4 g6 4. Nf3 Bg7 5. g3 d6 6. Bg2 e6 7. d3 Nge7 8. O-O
O-O 9. Ne2 d5 10. c3 dxe4 11. dxe4 Qxd1 12. Rxd1 b6 13. Be3 Ba6 1/2-1/2

[Event "Paul Keres mem (47th)"]
[Site "Richmond CAN"]
[Date "2023.05.22"]
[Round "6.8"]
[White "Leong, Aiden"]
[Black "Zhu, Brandon"]
[Result "1/2-1/2"]
[WhiteElo "2083"]
[BlackElo "2027"]
[PlyCount "41"]
[EventDate "2023.05.20"]
[EventType "swiss"]
[EventRounds "6"]
[EventCountry "CAN"]

1. Nf3 g6 2. g3 Bg7 3. Bg2 c5 4. c4 Nc6 5. Nc3 d6 6. O-O Qd7 7. e3 b6 8. b3 Nf6
9. Bb2 O-O 10. d4 Bb7 11. Qd2 Nb4 12. d5 Ng4 13. Ne1 h5 14. h3 Nh6 15. a3 Na6
16. e4 Kh7 17. Nd3 Nc7 18. f4 e6 19. Kh2 exd5 20. exd5 Nf5 21. Rae1 1/2-1/2

[Event "Paul Keres mem (47th)"]
[Site "Richmond CAN"]
[Date "2023.05.22"]
[Round "6.9"]
[White "Taylor, Tristan"]
[Black "Aljo, Johan"]
[Result "0-1"]
[WhiteElo "2113"]
[BlackElo "2029"]
[PlyCount "102"]
[EventDate "2023.05.20"]
[EventType "swiss"]
[EventRounds "6"]
[EventCountry "CAN"]

1. e4 c6 2. d4 d5 3. e5 Bf5 4. Nd2 e6 5. Nb3 a6 6. Nf3 c5 7. dxc5 Bxc5 8. Nxc5
Qa5+ 9. c3 Qxc5 10. Nd4 Ne7 11. Qa4+ Nbc6 12. Be3 Qa5 13. Qxa5 Nxa5 14. Nxf5
Nxf5 15. Bb6 Nc6 16. f4 O-O 17. Bd3 Nfe7 18. O-O-O Rfc8 19. Kb1 Nb8 20. Rhe1
Nd7 21. Bf2 b5 22. g4 Rab8 23. f5 Nb6 24. h4 Nc4 25. b3 Na3+ 26. Kb2 Nc4+ 27.
Ka1 Nb6 28. Rc1 Nd7 29. Kb2 Nc6 30. Bg3 Nc5 31. Bb1 a5 32. g5 a4 33. h5 axb3
34. axb3 Na5 35. g6 fxg6 36. hxg6 h6 37. fxe6 Ncxb3 38. Rcd1 Nc5 39. Bc2 b4 40.
Rxd5 bxc3+ 41. Kc1 Nab3+ 42. Bxb3 Nxb3+ 43. Kc2 Nc5 44. e7 Na6 45. Red1 Nb4+
46. Kc1 Nxd5 47. Rxd5 c2 48. e8=Q+ Rxe8 49. Kxc2 Rb6 50. Kd3 Rxg6 51. Bf4 Rg4
0-1

[Event "Paul Keres mem (47th)"]
[Site "Richmond CAN"]
[Date "2023.05.22"]
[Round "6.10"]
[White "Qu, Leo"]
[Black "Qin, Kaiqi"]
[Result "0-1"]
[WhiteElo "2011"]
[BlackElo "1866"]
[PlyCount "140"]
[EventDate "2023.05.20"]
[EventType "swiss"]
[EventRounds "6"]
[EventCountry "CAN"]

1. d4 d5 2. Nc3 Nf6 3. Bf4 e6 4. Nb5 Na6 5. e3 Be7 6. Nf3 O-O 7. h4 Ne4 8. Bd3
Bd7 9. Nc3 f5 10. Ne5 Nb4 11. Be2 Nc6 12. Nxe4 Nxe5 13. Ng5 Nf7 14. Nf3 Bd6 15.
c3 a5 16. Bd3 Re8 17. Ng5 Qf6 18. Qh5 h6 19. Nxf7 Qxf7 20. Qxf7+ Kxf7 21. Bxd6
cxd6 22. Kd2 e5 23. Rhc1 Rac8 24. Be2 Kf6 25. Bd1 Bb5 26. Bb3 Bc4 27. Ba4 Re7
28. Bd1 g5 29. hxg5+ hxg5 30. b3 Bb5 31. Bf3 e4 32. Be2 Bxe2 33. Kxe2 Rh7 34.
Rc2 Rh2 35. Rg1 Ke6 36. Kd2 f4 37. Ke2 Rf8 38. c4 dxc4 39. Rxc4 f3+ 40. Kf1 g4
41. g3 Kd7 42. a3 b5 43. Rc2 Rc8 44. Rxc8 Kxc8 45. Ke1 Kc7 46. Rf1 Kc6 47. Kd2
Kd5 48. Kc2 Rh7 49. Kb2 a4 50. Kc3 axb3 51. Kxb3 Kc6 52. Rc1+ Kb6 53. Kb4 Rh2
54. Rf1 Rh7 55. Kb3 Ka5 56. Rc1 Rh2 57. Rf1 Rg2 58. Kc3 Ka4 59. Kb2 Rh2 60. Kc3
Rg2 61. Kb2 b4 62. axb4 Kxb4 63. Kc2 Kc4 64. Kd2 Kb3 65. Ke1 Rh2 66. Kd2 Kb2
67. Kd1 Kc3 68. Kc1 d5 69. Kb1 Kd3 70. Kc1 Ke2 0-1

[Event "Pere Noel"]
[Site "Montreal CAN"]
[Date "2023.12.27"]
[Round "1.2"]
[White "Steinberg, Ellis"]
[Black "Sambuev, Bator"]
[Result "0-1"]
[WhiteElo "1928"]
[BlackElo "2573"]
[PlyCount "54"]
[EventDate "2023.12.27"]
[EventType "swiss"]
[EventRounds "5"]
[EventCountry "CAN"]

1. e4 e5 2. Nf3 Nc6 3. Bb5 a6 4. Ba4 Nf6 5. O-O d6 6. Re1 Bd7 7. c3 g6 8. d4
Bg7 9. d5 Ne7 10. Bxd7+ Nxd7 11. c4 h6 12. Nc3 O-O 13. b4 f5 14. Qc2 c6 15.
dxc6 Nxc6 16. Nd5 Nf6 17. b5 Nxd5 18. bxc6 Nb4 19. Qb3 Nxc6 20. c5+ Rf7 21.
cxd6 Qxd6 22. Ba3 Qf6 23. Rad1 fxe4 24. Rxe4 Nd4 25. Rdxd4 exd4 26. Rxd4 Re8
27. Rd6 Re1+ 0-1

[Event "Pere Noel"]
[Site "Montreal CAN"]
[Date "2023.12.27"]
[Round "1.3"]
[White "Druska, Juraj"]
[Black "Berube, Maximilien"]
[Result "1-0"]
[WhiteElo "2417"]
[BlackElo "1921"]
[PlyCount "87"]
[EventDate "2023.12.27"]
[EventType "swiss"]
[EventRounds "5"]
[EventCountry "CAN"]

1. e4 c6 2. Nf3 d5 3. d3 dxe4 4. dxe4 Qc7 5. a4 e5 6. Bc4 Bg4 7. h3 Bh5 8. Qe2
Nf6 9. Nbd2 Nbd7 10. g4 Bg6 11. h4 h6 12. h5 Bh7 13. Nh4 Be7 14. f3 Nc5 15. Nf1
Nfd7 16. a5 Nf8 17. Ng3 Nfe6 18. Ngf5 Bxf5 19. Nxf5 Bg5 20. Be3 O-O 21. b4 Bxe3
22. Qxe3 Nd4 23. Nxd4 exd4 24. Qxd4 Ne6 25. Bxe6 fxe6 26. Ke2 Rad8 27. Qxa7 Qg3
28. Rhf1 Qd6 29. Rf2 Qxb4 30. Qe3 Rd7 31. Qb3 Qd2+ 32. Kf1 Qd4 33. Qxe6+ Rdf7
34. Ra3 Qc5 35. Qb3 Qg5 36. a6 bxa6 37. Rxa6 Qh4 38. Ra7 Qf6 39. Kg2 Kh8 40.
Rxf7 Rxf7 41. e5 Qe7 42. Rd2 Rf8 43. Qc3 Re8 44. Rd6 1-0

[Event "Pere Noel"]
[Site "Montreal CAN"]
[Date "2023.12.27"]
[Round "1.4"]
[White "Deboosere, Adam"]
[Black "Tanaka, Tyler"]
[Result "0-1"]
[WhiteElo "1907"]
[BlackElo "2336"]
[PlyCount "66"]
[EventDate "2023.12.27"]
[EventType "swiss"]
[EventRounds "5"]
[EventCountry "CAN"]

1. d4 Nf6 2. c4 e6 3. Nf3 d5 4. e3 c5 5. Nc3 cxd4 6. exd4 Bb4 7. Qb3 Nc6 8. Bg5
O-O 9. O-O-O dxc4 10. Bxc4 Be7 11. Be2 Bd7 12. Ne5 Na5 13. Qc2 Rc8 14. Kb1 Nc6
15. h4 Nb4 16. Qb3 Nfd5 17. Nxd7 Qxd7 18. Nxd5 Nxd5 19. Bf3 Nb6 20. d5 e5 21.
Rhe1 Bd6 22. g4 Rc4 23. Rc1 Rb4 24. Qd3 Na4 25. Rc2 Rd4 26. Qe2 Nb6 27. Be3 Rb4
28. g5 Qa4 29. Rec1 e4 30. Bg4 Nxd5 31. Rc8 Qa3 32. Rxf8+ Bxf8 33. Rc8 Nc3+ 0-1

[Event "Pere Noel"]
[Site "Montreal CAN"]
[Date "2023.12.27"]
[Round "1.5"]
[White "Ouellet, Maili-Jade"]
[Black "Avarian, Aram Sevag"]
[Result "1-0"]
[WhiteElo "2325"]
[BlackElo "1896"]
[PlyCount "91"]
[EventDate "2023.12.27"]
[EventType "swiss"]
[EventRounds "5"]
[EventCountry "CAN"]

1. d4 Nf6 2. c4 c5 3. d5 b5 4. cxb5 a6 5. bxa6 g6 6. Nc3 Bxa6 7. e4 Bxf1 8.
Kxf1 d6 9. g3 Bg7 10. Kg2 O-O 11. Nf3 Qb6 12. h3 Na6 13. Qe2 Nd7 14. Bg5 Rfe8
15. Rab1 h6 16. Be3 Reb8 17. Rhc1 Qa5 18. Nd2 Nc7 19. Nc4 Qa6 20. b3 Kh7 21. a4
Nb6 22. Na3 Bxc3 23. Qxa6 Rxa6 24. Rxc3 Nd7 25. Bd2 Rab6 26. Re3 Ra6 27. Rc1
Ra7 28. Kf1 Rab7 29. Ba5 Na6 30. Nb5 f6 31. Ke2 Kg7 32. f4 Kf7 33. Kd2 g5 34.
Rf1 Kg6 35. Kc2 Rc8 36. Kb2 Ra8 37. Na3 Nb6 38. Bxb6 Rxb6 39. Nc4 Rb4 40. e5
Rd8 41. exd6 exd6 42. fxg5 hxg5 43. Re6 Rf8 44. Rxd6 Nc7 45. Ne5+ Kh5 46. g4+
1-0

[Event "Pere Noel"]
[Site "Montreal CAN"]
[Date "2023.12.27"]
[Round "1.7"]
[White "Zheng, Richard"]
[Black "Sekki, Abderaouf"]
[Result "1-0"]
[WhiteElo "2263"]
[BlackElo "1876"]
[PlyCount "79"]
[EventDate "2023.12.27"]
[EventType "swiss"]
[EventRounds "5"]
[EventCountry "CAN"]

1. d4 f5 2. Bg5 h6 3. Bh4 g5 4. Bg3 Nf6 5. e3 Bg7 6. h4 g4 7. Nc3 O-O 8. Nge2
Nh5 9. Nd5 d6 10. Ndf4 Nxg3 11. Nxg3 Kh7 12. Bc4 c6 13. Ne6 Bxe6 14. Bxe6 f4
15. exf4 Rxf4 16. c3 Nd7 17. Qc2+ Kh8 18. Nh5 Rf8 19. Qg6 Rg8 20. Bxg8 Qxg8 21.
Qxg4 Nf6 22. Qxg7+ Qxg7 23. Nxg7 Kxg7 24. Rh3 Kf7 25. Ke2 b6 26. Rg1 h5 27. f3
Rg8 28. g4 hxg4 29. fxg4 Rxg4 30. Rxg4 Nxg4 31. Kf3 Nf6 32. h5 Kg7 33. Kf4 e6
34. c4 Kh6 35. b4 b5 36. c5 Nd5+ 37. Ke4 dxc5 38. bxc5 a5 39. Ke5 b4 40. Kd6
1-0